La independencia y la cultura política peruana: 1808-1821

Salvato in:
Dettagli Bibliografici
Autore principale: Peralta Ruiz, Víctor (Autore)
Natura: Libro
Lingua:spagnolo
Pubblicazione: Lima Fundación M. J. Bustamente De la Fuente 2010
Lima Instituto de Estudios Peruanos 2010
Edizione:1a. ed
Serie:Estudios Históricos, 54
Soggetti:
Tags: Aggiungi Tag
Nessun Tag, puoi essere il primo ad aggiungerne!!

MARC

LEADER 00000cam a2200000 a 4500
001 UCF4437
003 CL-VaPUC
008 121206e20100600PE |||||||||||||||||spa|d
020 |a 9789972512681 
082 0 4 |a 985.04  |b PER  |2 21 
100 0 |a Peralta Ruiz, Víctor  |e author  |9 565993 
245 1 3 |a La independencia y la cultura política peruana: 1808-1821 
250 |a 1a. ed 
300 |a 385 p 
942 |c BK 
945 |d 20121206 00:00:00  |a dcastane 
260 |a Lima  |b Fundación M. J. Bustamente De la Fuente  |c 2010 
260 |a Lima  |b Instituto de Estudios Peruanos  |c 2010 
650 0 |a Historia del Perú   |9 430972 
650 0 |a Independencia del Perú  |9 504551 
583 |a last modification  |c 20121206 10:49:00  |k Rodrigo Vera 
490 0 |a Estudios Históricos, 54 
999 |c 350244  |d 350242 
952 |0 0  |1 0  |4 0  |6 985_040000000000000_PER_2010_2010  |7 0  |8 X  |9 453485  |a FDOBUD  |b FDOBUD  |d 2019-11-22  |i 4930045  |o 985.04 PER 2010 2010  |p 4930045  |r 2019-11-22  |w 2019-11-22  |y BK_X  |k BUD